Southville International School and Colleges
Your cart is empty.
  • Cart
  • Lists
    Public lists Eva Luna New books Lux_list list_1
    Your lists Log in to create your own lists
  • Log in to your account
  • Your cookies
  • Search history
Southville International School and Colleges
  • Advanced search
  • Recent comments
  • Most popular
  • Libraries

Log in to your account

Log in with GOOGLE


If you do not have an external account, but do have a local account, you can still log in:

  1. Home
  2. MARC view: Physical science /
Normal view MARC view ISBD view

Physical science / (Record no. 355916)

[ view plain ]
MARC details
000 -LEADER
fixed length control field 00712nam a2200253Ia 4500
008 - FIXED-LENGTH DATA ELEMENTS--GENERAL INFORMATION
fixed length control field 180207s9999 xx 000 0 und d
020 ## - INTERNATIONAL STANDARD BOOK NUMBER
International Standard Book Number 9786214150670
050 ## - LIBRARY OF CONGRESS CALL NUMBER
Classification number 500.2
050 ## - LIBRARY OF CONGRESS CALL NUMBER
Item number C112 2016
100 ## - MAIN ENTRY--PERSONAL NAME
Personal name Caballes, Dennis G.
245 ## - TITLE STATEMENT
Title Physical science /
245 ## - TITLE STATEMENT
Statement of responsibility, etc by Dennis G. Caballes, Marissa A. Rodriguez and Andy Nestor Ryan Pazon.
260 ## - PUBLICATION, DISTRIBUTION, ETC. (IMPRINT)
Place of publication, distribution, etc Manila, Philippines :
260 ## - PUBLICATION, DISTRIBUTION, ETC. (IMPRINT)
Name of publisher, distributor, etc JFS Publishing Services,
260 ## - PUBLICATION, DISTRIBUTION, ETC. (IMPRINT)
Date of publication, distribution, etc 2016
300 ## - PHYSICAL DESCRIPTION
Extent 255 pages :
300 ## - PHYSICAL DESCRIPTION
Other physical details illustrations ;
300 ## - PHYSICAL DESCRIPTION
Dimensions 27cm.
650 ## - SUBJECT ADDED ENTRY--TOPICAL TERM
Topical term or geographic name as entry element Physical science --
650 ## - SUBJECT ADDED ENTRY--TOPICAL TERM
Topical term or geographic name as entry element Science --
650 ## - SUBJECT ADDED ENTRY--TOPICAL TERM
General subdivision Study and teaching (Secondary).
650 ## - SUBJECT ADDED ENTRY--TOPICAL TERM
General subdivision Study and teaching (Secondary).
700 ## - ADDED ENTRY--PERSONAL NAME
Personal name Title.
Holdings
Withdrawn status Lost status Damaged status Home library Current library Date acquired Total Checkouts Full call number Barcode Date last seen Price effective from Koha item type
      Stonyhurst Southville International School (Malarayat) Stonyhurst Southville International School (Malarayat) 02/07/2018   SHS 500.2 C112 2016 SSISM5461 02/07/2018 02/07/2018 Books

Physical science /

APA

Caballes D. G., Title, .Physical science. Manila, Philippines: .

Chicago

Caballes Dennis G, Title, .Physical science. Manila, Philippines: .

Harvard

Caballes D. G., Title, .Physical science. Manila, Philippines: .

MLA

Caballes Dennis G, Title, .Manila, Philippines: . .

  • Place hold
  • Print
  • Cite
  • Add to your cart (remove)
  • Save record
    BIBTEX Dublin Core MARCXML MARC (non-Unicode/MARC-8) MARC (Unicode/UTF-8) MARC (Unicode/UTF-8, Standard) MODS (XML) RIS
  • More searches
    Search for this title in:
    Other Libraries (WorldCat) Other Databases (Google Scholar) Online Stores (Bookfinder.com) Open Library (openlibrary.org)

Exporting to Dublin Core...

SOUTHVILLE LIBRARY

Southville International School and Colleges Library

1281 Tropical Ave. Cor. Luxembourg St., BF Homes International, Las Pinas City

Tel. No. 8256374 / 252358 Loc. 117/146

Powered by Koha